Podporné opatrenia na zníženie dopadov pandémie Covid-19 pre vybrané odvetvia kreatívneho a kultúrneho priemyslu

Vysvetlenie pojmov kreatívny a kultúrny priemysel. Vplyv pandémie Covid-19 na odvetvia kreatívneho priemyslu na Slovensku.

Gespeichert in:
Bibliographische Detailangaben
1. Verfasser: Raková, Monika, 1991-
Format: Buchkapitel
Sprache:Slowakisch
Schlagworte:
Tags: Tag hinzufügen
Keine Tags, Fügen Sie das erste Tag hinzu!

MARC

LEADER 00000naa$a2200000$$$4500
001 0281324
005 20240502074357.4
041 0 |a slo 
044 |a SK 
245 1 0 |a Podporné opatrenia na zníženie dopadov pandémie Covid-19 pre vybrané odvetvia kreatívneho a kultúrneho priemyslu  |c Monika Raková 
520 |a Vysvetlenie pojmov kreatívny a kultúrny priemysel. Vplyv pandémie Covid-19 na odvetvia kreatívneho priemyslu na Slovensku. 
610 2 0 |a priemysel kreatívny 
610 2 0 |a priemysel kultúrny 
610 2 0 |a pomoc štátna 
610 2 0 |a pandémia 
610 2 0 |a koronavírus 
610 2 0 |a Slovensko 
100 1 |a Raková, Monika, 1991-